Famous People Born August 31st Quiz Stats

 Plays Quiz not verified by Sporcle

Score 0/15 Timer 03:00
0 Plays Today
% Correct
Gere
95.8%
von Helmholtz
83.3%
Gibson
83.3%
Hackett
79.2%
Béliveau
79.2%
Perlman
79.2%
Santiago
79.2%
Caesar
75%
% Correct
Montessori
75%
Fitzgerald
66.7%
March
62.5%
Reina
54.2%
Lerner
45.8%
Thompson
45.8%
James
37.5%

You're not logged in!

Compare scores with friends on all Sporcle quizzes.
OR
Log In

Sporcle TV

Today on Sporcle TV


Watch our educational content, quiz creation guides, and fun videos on Sporcle TV.

Show Comments

Extras

Top Quizzes Today


Score Distribution

Your Account Isn't Verified!

In order to create a playlist on Sporcle, you need to verify the email address you used during registration. Go to your Sporcle Settings to finish the process.

Report this User

Report this user for behavior that violates our Community Guidelines.

Details: